[Event "Bled Olympiad"]
[Site "Bled SLO"]
[Date "2002.10.30"]
[EventDate "2002.10.26"]
[Round "5"]
[Result "1/2-1/2"]
[White "Richard S Jones"]
[Black "Saad Abdullah Sarsam"]
[WhiteElo "2063"]
[BlackElo "2409"]
[PlyCount "99"]

1. e4 e5 2. f4 exf4 3. Nf3 g5 4. h4 g4 5. Ne5 Nc6 6. d4 Nxe5
7. dxe5 d6 8. Bxf4 Qe7 9. Qd5 c6 10. Qxd6 Be6 11. Nd2 Bh6
12. Bxh6 Nxh6 13. g3 Rd8 14. Qxe7+ Kxe7 15. c3 Rhe8 16. Be2
Kf8 17. a4 Kg7 18. a5 Ng8 19. h5 Kh6 20. O-O-O Kg5 21. Rdf1
Nh6 22. Kc2 b6 23. axb6 axb6 24. Ra1 Ra8 25. Kd3 Ng8 26. Ke3
b5 27. b4 Ne7 28. Ra5 Rec8 29. c4 Rab8 30. Ra7 Re8 31. cxb5
cxb5 32. Rc1 Kxh5 33. Rc5 Ng6 34. Bxb5 Re7 35. Rxe7 Nxe7
36. Kd3 Kg5 37. Kc3 h5 38. Bc4 h4 39. gxh4+ Kxh4 40. Rc7 Ng6
41. Bxe6 fxe6 42. Rg7 Nxe5 43. Nf1 Rf8 44. Kd4 Nc6+ 45. Kc5
Nxb4 46. Ne3 Nd3+ 47. Kd6 Nf2 48. Kxe6 Re8+ 49. Kf5 Rf8+
50. Ke6 1/2-1/2

[Event "Bled Olympiad"]
[Site "Bled SLO"]
[Date "2002.10.31"]
[EventDate "2002.10.26"]
[Round "6"]
[Result "0-1"]
[White "Kenneth Frey Beckman"]
[Black "Ruben Gallego Martinez"]
[WhiteElo "2405"]
[BlackElo "2269"]
[PlyCount "80"]

1. Nf3 g6 2. d4 Bg7 3. c4 d6 4. Nc3 Nd7 5. e4 e5 6. Be2 c6
7. O-O Nh6 8. dxe5 dxe5 9. Be3 Qe7 10. a3 O-O 11. b4 f5 12. c5
Nf7 13. Bc4 Kh8 14. exf5 gxf5 15. Re1 e4 16. Bd4 Nfe5 17. Nd2
Nxc4 18. Nxc4 Ne5 19. Nxe5 Bxe5 20. f4 Bg7 21. Re3 Be6 22. Rg3
Bf6 23. Bxf6+ Qxf6 24. Qc2 Rad8 25. Rd1 h6 26. Re3 Rxd1+
27. Nxd1 Rd8 28. Nb2 Qd4 29. Kf2 Kh7 30. Ke2 Bf7 31. Qc3 Bh5+
32. Ke1 Qd5 33. Qc1 Rg8 34. g3 Rd8 35. Nc4 Bf3 36. Ne5 Qa2
37. Nxf3 exf3 38. Rxf3 Qxh2 39. Qe3 Rd7 40. g4 Qc2 0-1

[Event "Bled Olympiad"]
[Site "Bled SLO"]
[Date "2002.10.31"]
[EventDate "2002.10.26"]
[Round "6"]
[Result "1-0"]
[White "Luis Valenzuela Fuentealba"]
[Black "Roger Matoewi"]
[WhiteElo "2423"]
[BlackElo "2216"]
[PlyCount "89"]

1. d4 Nf6 2. c4 g6 3. Nc3 Bg7 4. Nf3 d6 5. Bf4 O-O 6. e3 Nbd7
7. Be2 a6 8. h3 c5 9. O-O Re8 10. Re1 Qa5 11. a4 cxd4 12. exd4
Nb6 13. Qb3 Nbd7 14. Qa3 Nf8 15. Rad1 Bf5 16. Bf1 h6 17. b4
Qd8 18. d5 g5 19. Bh2 g4 20. Nd4 Bh7 21. Nce2 gxh3 22. Qxh3
Qc8 23. Qxc8 Raxc8 24. Ng3 Ng4 25. Ngf5 Bxd4 26. Nxd4 Nxh2
27. Kxh2 Nd7 28. a5 Kf8 29. Rc1 Nf6 30. f3 Rc7 31. Kg3 Rec8
32. Nb3 Nd7 33. Kf2 Bg8 34. g3 e6 35. Nd4 exd5 36. Nf5 dxc4
37. Nxd6 Rb8 38. Bxc4 Nf6 39. Bb3 Rxc1 40. Rxc1 b6 41. b5 axb5
42. a6 Ra8 43. Rc8+ Rxc8 44. Nxc8 Ne8 45. Nxb6 1-0

[Event "Bled Olympiad"]
[Site "Bled SLO"]
[Date "2002.10.31"]
[EventDate "2002.10.26"]
[Round "6"]
[Result "1/2-1/2"]
[White "Sergei Rublevsky"]
[Black "Faruk Bistric"]
[WhiteElo "2664"]
[BlackElo "2484"]
[PlyCount "77"]

1. e4 c5 2. Nf3 d6 3. Bb5+ Nd7 4. d4 Ngf6 5. O-O cxd4 6. Qxd4
g6 7. e5 dxe5 8. Qxe5 Bg7 9. Re1 e6 10. Qd6 Qe7 11. Qxe7+ Kxe7
12. Nbd2 a6 13. Bf1 b6 14. b3 Nd5 15. Ba3+ Nc5 16. Rad1 Bc3
17. Re4 a5 18. Rc4 Ba6 19. Nb1 Bg7 20. Bxc5+ bxc5 21. Rxc5
Rhc8 22. Rxc8 Bxc8 23. a4 Bb7 24. Bb5 Rd8 25. Na3 Bc3 26. Nc4
f6 27. Kf1 e5 28. g3 f5 29. Ncxe5 Ne3+ 30. fxe3 Rxd1+ 31. Ke2
Bxf3+ 32. Nxf3 Rd6 33. Bd3 Kf6 34. h4 h6 35. Kf2 g5 36. hxg5+
hxg5 37. Kg2 Rd8 38. Kf2 Rd7 39. Kg2 1/2-1/2

[Event "Bled Olympiad"]
[Site "Bled SLO"]
[Date "2002.10.31"]
[EventDate "2002.10.26"]
[Round "6"]
[Result "1/2-1/2"]
[White "Peter Acs"]
[Black "Petr Haba"]
[WhiteElo "2591"]
[BlackElo "2534"]
[PlyCount "60"]

1. e4 e5 2. Nf3 Nf6 3. Nxe5 d6 4. Nf3 Nxe4 5. Nc3 Nf6 6. d4
Be7 7. h3 O-O 8. Bd3 Nc6 9. a3 Re8 10. O-O h6 11. Re1 Bf8
12. Rxe8 Qxe8 13. Nb5 Qd8 14. c4 a6 15. Nc3 Ne7 16. d5 Bf5
17. Be2 Bh7 18. b3 Qd7 19. Bb2 Re8 20. Bd3 Bxd3 21. Qxd3 Ng6
22. Qd2 Ne4 23. Nxe4 Rxe4 24. Nd4 Re8 25. Rd1 Be7 26. Nf3 Nh4
27. Qf4 Nxf3+ 28. Qxf3 Bf8 29. a4 Qe7 30. Qc3 Qe2 1/2-1/2

[Event "Bled Olympiad"]
[Site "Bled SLO"]
[Date "2002.10.31"]
[EventDate "2002.10.26"]
[Round "6"]
[Result "1/2-1/2"]
[White "John Emms"]
[Black "Alexander Moiseenko"]
[WhiteElo "2520"]
[BlackElo "2570"]
[PlyCount "45"]

1. e4 c5 2. Nf3 Nc6 3. c3 Nf6 4. e5 Nd5 5. d4 cxd4 6. cxd4 d6
7. Bc4 e6 8. O-O Be7 9. exd6 Qxd6 10. Nc3 O-O 11. Re1 Rd8
12. Bb3 Nf6 13. Be3 b6 14. Qe2 Bb7 15. Rad1 Na5 16. Bc2 Rac8
17. Ne5 Nc6 18. Ne4 Qd5 19. Nxf6+ Bxf6 20. Bxh7+ Kxh7 21. Qh5+
Kg8 22. Qxf7+ Kh7 23. Qh5+ 1/2-1/2

[Event "Bled Olympiad"]
[Site "Bled SLO"]
[Date "2002.10.31"]
[EventDate "2002.10.26"]
[Round "6"]
[Result "1/2-1/2"]
[White "Tomasz Markowski"]
[Black "Florian Jenni"]
[WhiteElo "2549"]
[BlackElo "2483"]
[PlyCount "122"]

1. g3 e5 2. c4 c6 3. Bg2 d5 4. cxd5 cxd5 5. d4 e4 6. Nc3 Nc6
7. Nh3 Bb4 8. O-O Nge7 9. Nf4 O-O 10. Qb3 Bxc3 11. Qxc3 Ng6
12. Nxg6 hxg6 13. b3 Bf5 14. Ba3 Re8 15. h3 g5 16. Rac1 Rc8
17. Rfd1 Qd7 18. g4 Be6 19. Qg3 Ne7 20. Qd6 Ng6 21. e3 Qxd6
22. Bxd6 Rxc1 23. Rxc1 Rc8 24. Rxc8+ Bxc8 25. Bf1 a6 26. Be2
Nh4 27. Kf1 Bd7 28. a4 Nf3 29. Kg2 Nh4+ 30. Kg3 f6 31. Bd1 Kf7
32. Kh2 Ke6 33. Bc5 Be8 34. Kg1 Nf3+ 35. Kg2 Nh4+ 36. Kg3 Bd7
37. b4 Bc6 38. Ba7 Bd7 39. Bb6 Bc6 40. Bc5 Bd7 41. Ba7 Bc6
42. Bb8 g6 43. Bc7 Kd7 44. Bb6 Ke6 45. Bd8 b5 46. a5 Kf7
47. f4 exf3 48. Bb3 Kg7 49. Kf2 Bb7 50. Bc7 f5 51. Bd8 Kh6
52. Kg3 Bc6 53. Bd1 Bd7 54. Bxf3 Nxf3 55. Kxf3 Kg7 56. Bxg5
fxg4+ 57. hxg4 Kf7 58. Kf4 Ke6 59. Bh4 Bc6 60. Kg5 Kf7 61. Bg3
Bb7 1/2-1/2

[Event "Bled Olympiad"]
[Site "Bled SLO"]
[Date "2002.10.31"]
[EventDate "2002.10.26"]
[Round "6"]
[Result "1/2-1/2"]
[White "Joseph G Gallagher"]
[Black "Kamil Miton"]
[WhiteElo "2540"]
[BlackElo "2564"]
[PlyCount "99"]

1. e4 c5 2. Nf3 d6 3. d4 cxd4 4. Nxd4 Nf6 5. Nc3 Nc6 6. Bg5 e6
7. Qd2 a6 8. O-O-O Bd7 9. f4 b5 10. Bxf6 gxf6 11. Kb1 b4
12. Nce2 Qb6 13. Nxc6 Bxc6 14. f5 e5 15. Ng3 h5 16. h4 Qc5
17. Bd3 Bh6 18. Qe2 Qe3 19. Nxh5 Ke7 20. Qf1 Bxe4 21. Rh3 Bxd3
22. Rxd3 Qe4 23. Qd1 Rad8 24. g4 Bf4 25. g5 Qxf5 26. gxf6+ Kf8
27. Rxd6 Rxd6 28. Qxd6+ Kg8 29. Rd3 Kh7 30. Nxf4 Qxf4 31. a3
bxa3 32. Qe7 Kg6 33. Rd7 Qf1+ 34. Ka2 Qc4+ 35. Kxa3 Rxh4
36. b3 Qxc2 37. Qxf7+ Kf5 38. Rc7 Qd2 39. Qe7 Rh2 40. Qd7+
Qxd7 41. Rxd7 Kxf6 42. Rd6+ Kf5 43. Rxa6 e4 44. Ra8 e3 45. Re8
Kf4 46. b4 Rh5 47. Kb3 Rf5 48. Kc4 Kf3 49. b5 e2 50. b6
1/2-1/2

[Event "Bled Olympiad"]
[Site "Bled SLO"]
[Date "2002.10.31"]
[EventDate "2002.10.26"]
[Round "6"]
[Result "1/2-1/2"]
[White "Mikulas Manik"]
[Black "Darius Zagorskis"]
[WhiteElo "2419"]
[BlackElo "2481"]
[PlyCount "47"]

1. e4 c5 2. Nf3 d6 3. c3 Nf6 4. Bd3 Nc6 5. Bc2 Bg4 6. d3 e6
7. Nbd2 d5 8. h3 Bh5 9. Qe2 Be7 10. Nf1 O-O 11. g4 Bg6 12. Ng3
b5 13. Nh4 dxe4 14. dxe4 c4 15. O-O Qb6 16. Kh2 Nd7 17. Ng2 e5
18. Ne3 Bc5 19. Nd5 Qb7 20. h4 f6 21. Nf5 Bf7 22. g5 fxg5
23. Bxg5 Be6 24. b4 1/2-1/2

[Event "Bled Olympiad"]
[Site "Bled SLO"]
[Date "2002.10.31"]
[EventDate "2002.10.26"]
[Round "6"]
[Result "1-0"]
[White "Lubomir Ftacnik"]
[Black "Sarunas Sulskis"]
[WhiteElo "2603"]
[BlackElo "2576"]
[PlyCount "109"]

1. Nf3 d5 2. d4 Nf6 3. c4 e6 4. g3 g6 5. b3 Bg7 6. Bg2 dxc4
7. bxc4 c5 8. e3 O-O 9. O-O Nbd7 10. Nc3 Qa5 11. Qb3 Rd8
12. Bd2 Qc7 13. Rfd1 a6 14. Rab1 e5 15. dxe5 Nxe5 16. Nxe5
Qxe5 17. e4 Qh5 18. f3 Be6 19. Nd5 Bxd5 20. exd5 b5 21. Ba5
bxc4 22. Qxc4 Rxd5 23. Rxd5 Nxd5 24. g4 Qg5 25. f4 Qxg4
26. Qxd5 Re8 27. Qf3 Qf5 28. Re1 Rxe1+ 29. Bxe1 Qb1 30. Qa8+
Bf8 31. Qe4 Qxa2 32. Bc3 Qe6 33. Qe5 Qxe5 34. fxe5 Bg7 35. Kf2
Kf8 36. Ke3 Ke7 37. Bd5 h5 38. Kd3 g5 39. Kc4 g4 40. Kxc5 Bh6
41. Be1 Bf4 42. Bh4+ Kf8 43. Bg3 Bg5 44. Kd4 h4 45. Be1 Bf4
46. Bxh4 Bxh2 47. Be1 Kg7 48. Bb7 Kg6 49. Bd2 g3 50. Bg2 Kf5
51. Bh3+ Kg6 52. Ke4 Kh5 53. Kf5 g2 54. Bg4+ Kh4 55. Bg5+ 1-0

[Event "Bled Olympiad"]
[Site "Bled SLO"]
[Date "2002.10.31"]
[EventDate "2002.10.26"]
[Round "6"]
[Result "1/2-1/2"]
[White "Eduardas Rozentalis"]
[Black "Sergei Movsesian"]
[WhiteElo "2563"]
[BlackElo "2651"]
[PlyCount "26"]

1. e4 c5 2. c3 e6 3. d4 d5 4. exd5 exd5 5. Nf3 Nc6 6. Bb5 Bd6
7. O-O Nge7 8. dxc5 Bxc5 9. Nbd2 O-O 10. Nb3 Bb6 11. Re1 Bg4
12. Be3 Bxe3 13. Rxe3 Qd6 1/2-1/2

[Event "Bled Olympiad"]
[Site "Bled SLO"]
[Date "2002.10.31"]
[EventDate "2002.10.26"]
[Round "6"]
[Result "1-0"]
[White "Erik van den Doel"]
[Black "Ruslan Soltanici"]
[WhiteElo "2594"]
[BlackElo "2408"]
[PlyCount "97"]

1. e4 c5 2. Nf3 d6 3. d4 cxd4 4. Nxd4 Nf6 5. Nc3 a6 6. Be3 e5
7. Nb3 Be6 8. f3 h5 9. Qd2 Nbd7 10. O-O-O Rc8 11. Kb1 Be7
12. Bd3 b5 13. h3 h4 14. f4 O-O 15. Rhg1 Nb6 16. f5 Bd7 17. g4
b4 18. Qf2 Nc4 19. Ne2 Nxe3 20. Qxe3 Nh7 21. Bxa6 Ra8 22. Bc4
Ng5 23. c3 Rb8 24. Bd5 Qb6 25. Qxb6 Rxb6 26. Rh1 bxc3 27. Nxc3
Rfb8 28. Kc2 Rb4 29. Rd3 Rc8 30. Kb1 Rcb8 31. Rh2 Nh7 32. Na5
R4b6 33. Bc4 Bd8 34. Nd5 Rb4 35. Nxb4 Rxb4 36. a3 Ra4 37. Nb7
Rxc4 38. Nxd8 Rxe4 39. Rxd6 Ba4 40. Nb7 Ng5 41. Nc5 Re1+
42. Ka2 Bd1 43. a4 Bf3 44. a5 e4 45. a6 e3 46. a7 Kh7 47. Rd8
Rc1 48. Nb3 Rf1 49. Re2 1-0

[Event "Bled Olympiad"]
[Site "Bled SLO"]
[Date "2002.10.31"]
[EventDate "2002.10.26"]
[Round "6"]
[Result "0-1"]
[White "Tiger Hillarp Persson"]
[Black "Viktor Kupreichik"]
[WhiteElo "2493"]
[BlackElo "2485"]
[PlyCount "110"]

1. d4 d5 2. c4 c6 3. Nf3 Nf6 4. Nc3 dxc4 5. a4 Bf5 6. e3 e6
7. Bxc4 Bb4 8. Qb3 Qb6 9. Bd2 O-O 10. O-O c5 11. dxc5 Bxc5
12. Qxb6 axb6 13. Rfc1 Nc6 14. Nb5 Ne4 15. Be1 Rfd8 16. h3 h5
17. Kf1 g5 18. Ke2 g4 19. hxg4 hxg4 20. Nh4 Bh7 21. f3 Nd6
22. Nxd6 Bxd6 23. Bb5 Na5 24. fxg4 Nb3 25. Bc3 Bf8 26. Nf3 Bg7
27. Nd4 Nxa1 28. Rxa1 Be4 29. Kf2 Rac8 30. Be2 Bxd4 31. exd4
Bd5 32. Bd3 Kg7 33. g5 Rh8 34. Bb4 Rh4 35. Be7 f5 36. gxf6+
Kf7 37. Rg1 Rg8 38. g3 Rxd4 39. Ke3 Rdg4 40. Be2 Re4+ 41. Kd3
Rg5 42. g4 Rxa4 43. Kc3 Re4 44. Kd3 Rge5 45. Bd1 Re1 46. Rxe1
Rxe1 47. Be2 Bc4+ 48. Kxc4 Rxe2 49. b4 Re5 50. Kd4 Rg5 51. Ke4
Rxg4+ 52. Ke5 Rc4 53. Bd6 Rc1 54. Be7 Rd1 55. Ke4 Rd5 0-1

[Event "Bled Olympiad"]
[Site "Bled SLO"]
[Date "2002.10.31"]
[EventDate "2002.10.26"]
[Round "6"]
[Result "1-0"]
[White "Sergei Azarov"]
[Black "Emanuel Berg"]
[WhiteElo "2520"]
[BlackElo "2535"]
[PlyCount "61"]

1. e4 e6 2. d4 d5 3. Nd2 Nf6 4. e5 Nfd7 5. Bd3 c5 6. c3 Nc6
7. Ne2 cxd4 8. cxd4 f6 9. exf6 Nxf6 10. Nf3 Bd6 11. O-O Qc7
12. g3 O-O 13. Bf4 Ng4 14. Rc1 Bxf4 15. Nxf4 Rxf4 16. gxf4
Qxf4 17. Be2 Bd7 18. Qd2 Rf8 19. Qxf4 Rxf4 20. b4 Nxb4 21. Rc7
Bc6 22. Ng5 Nf6 23. Rc1 g6 24. a3 Na6 25. R1xc6 Nxc7 26. Rxc7
Rf5 27. Nxe6 Ne4 28. Rg7+ Kh8 29. Rxb7 h5 30. Bd3 a5 31. f3
1-0

[Event "Bled Olympiad"]
[Site "Bled SLO"]
[Date "2002.10.31"]
[EventDate "2002.10.26"]
[Round "6"]
[Result "1/2-1/2"]
[White "Evgenij Agrest"]
[Black "Alexei Fedorov"]
[WhiteElo "2607"]
[BlackElo "2564"]
[PlyCount "70"]

1. Nf3 Nf6 2. c4 g6 3. Nc3 Bg7 4. g3 O-O 5. Bg2 d6 6. O-O Nc6
7. d3 h6 8. Rb1 a5 9. h3 e5 10. e4 Nd7 11. Be3 Nc5 12. d4 exd4
13. Nxd4 Bd7 14. Kh2 a4 15. Nxc6 Bxc6 16. Qc2 Re8 17. Nd5 h5
18. h4 Bxd5 19. cxd5 b6 20. Rfe1 Qd7 21. Qc4 Qg4 22. f3 Qd7
23. Re2 Qe7 24. Rbe1 Qd7 25. Bg5 Ra5 26. Bc1 Qb5 27. Qxb5 Rxb5
28. Bf1 Rb4 29. Rc2 f5 30. Bg2 fxe4 31. fxe4 Nd3 32. Ree2 Nxc1
33. Rxc1 Re7 34. Rcc2 Be5 35. Bh3 Kg7 1/2-1/2

[Event "Bled Olympiad"]
[Site "Bled SLO"]
[Date "2002.10.31"]
[EventDate "2002.10.26"]
[Round "6"]
[Result "0-1"]
[White "Marijan Petrov"]
[Black "Zlatko Ilincic"]
[WhiteElo "2513"]
[BlackElo "2527"]
[PlyCount "102"]

1. e4 c5 2. Nf3 d6 3. d4 cxd4 4. Nxd4 Nf6 5. Nc3 a6 6. f4 Nbd7
7. Nf3 Qc7 8. Bd3 b5 9. O-O b4 10. Ne2 Bb7 11. Ng3 e6 12. Kh1
h5 13. h4 g6 14. Ng5 Bh6 15. Bd2 a5 16. c3 Nc5 17. Bb5+ Ke7
18. e5 Ng4 19. cxb4 axb4 20. exd6+ Qxd6 21. Bxb4 Bxg2+
22. Kxg2 Ne3+ 23. Kh3 Nxd1 24. Raxd1 Qb6 25. Bxc5+ Qxc5
26. Rd7+ Kf8 27. Rxf7+ Kg8 28. N3e4 Qe3+ 29. Ng3 Rf8 30. Rf3
Qb6 31. Rxf8+ Kxf8 32. Bc4 Bxg5 33. fxg5+ Kg7 34. Rf6 Qd4
35. Bxe6 Rf8 36. Rxf8 Kxf8 37. b3 Qd6 38. Bc4 Qd7+ 39. Kg2 Qg4
40. Bd3 Kg7 41. a4 Qxh4 42. Ne4 Qf4 43. b4 Qe3 44. Nf2 Qxg5+
45. Kf1 Qc1+ 46. Kg2 Qa3 47. a5 Qxb4 48. a6 Qa3 49. Kf3 g5
50. Ke2 g4 51. Ne4 Kh6 0-1

[Event "Bled Olympiad"]
[Site "Bled SLO"]
[Date "2002.10.31"]
[EventDate "2002.10.26"]
[Round "6"]
[Result "1-0"]
[White "Aleksander Delchev"]
[Black "Branko Damljanovic"]
[WhiteElo "2560"]
[BlackElo "2550"]
[PlyCount "129"]

1. d4 Nf6 2. c4 g6 3. Nc3 Bg7 4. e4 d6 5. Bd3 e5 6. d5 a5
7. Nge2 Na6 8. f3 Bd7 9. Be3 c6 10. a3 O-O 11. O-O Be8 12. Rb1
Nd7 13. b4 axb4 14. axb4 c5 15. bxc5 Ndxc5 16. Bc2 Rc8 17. Nb5
Qe7 18. Nec3 Bd7 19. Qd2 f5 20. exf5 gxf5 21. f4 e4 22. Bd4
Bf6 23. Rfe1 Nc7 24. Nxc7 Rxc7 25. Re3 Bxd4 26. Qxd4 Qf6
27. Rg3+ Kh8 28. Qxf6+ Rxf6 29. Nd1 Rc8 30. Ra3 Kg8 31. Ne3
Kf8 32. Bd1 Ke7 33. Be2 Rff8 34. Rba1 Kd8 35. Nf1 Kc7 36. Rh3
Rf7 37. Raa3 Rg8 38. Kf2 Rfg7 39. Rag3 Rxg3 40. Nxg3 Rg7
41. Rh6 Na4 42. Nh5 Rf7 43. Nf6 Nc3 44. Bh5 Re7 45. Ke3 b5
46. Kd4 b4 47. c5 Nb5+ 48. Kc4 dxc5 49. Kxc5 Nd6 50. Kxb4 e3
51. Rxh7 Rxh7 52. Nxh7 Bb5 53. Ng5 Kb6 54. Kc3 Bf1 55. g3 Nb5+
56. Kb4 Nd4 57. Kc3 Nb5+ 58. Kc2 Kc5 59. Kd1 Kxd5 60. Ke1 Bd3
61. Bf3+ Kc4 62. h4 Nd4 63. h5 Kc3 64. h6 Nc2+ 65. Kd1 1-0

[Event "Bled Olympiad"]
[Site "Bled SLO"]
[Date "2002.10.31"]
[EventDate "2002.10.26"]
[Round "6"]
[Result "1-0"]
[White "Kiril D Georgiev"]
[Black "Edvins Kengis"]
[WhiteElo "2658"]
[BlackElo "2570"]
[PlyCount "95"]

1. d4 e6 2. c4 b6 3. a3 Bb7 4. Nc3 f5 5. d5 Nf6 6. g3 b5
7. Bg2 bxc4 8. Nh3 Na6 9. O-O Nc5 10. Bg5 Be7 11. dxe6 Bxg2
12. exd7+ Qxd7 13. Qxd7+ Kxd7 14. Kxg2 Rab8 15. Rab1 Nfe4
16. Bxe7 Kxe7 17. Nd5+ Kf7 18. Rbc1 Rxb2 19. Rxc4 Ne6 20. Rfc1
Rxe2 21. Rxc7+ Nxc7 22. Rxc7+ Ke6 23. Nhf4+ Kd6 24. Nxe2 g5
25. Nd4 Kxd5 26. Nxf5 a6 27. Ne3+ Kd6 28. Ra7 Nc5 29. Rg7 Ne6
30. Rf7 h5 31. h4 gxh4 32. Nf5+ Kc5 33. Nxh4 Kb5 34. Rf6 Nd4
35. Nf5 Nc2 36. Nd6+ Kc5 37. Nb7+ Kb5 38. a4+ Kxa4 39. Rxa6+
Kb5 40. Rf6 Nd4 41. Nd6+ Kc5 42. Nf5 Nc6 43. f4 Nb4 44. Kh3
Nd5 45. Re6 Nc7 46. Re5+ Kc4 47. Kh4 Kd3 48. Ng7 1-0

[Event "Bled Olympiad"]
[Site "Bled SLO"]
[Date "2002.10.31"]
[EventDate "2002.10.26"]
[Round "6"]
[Result "1-0"]
[White "Normunds Miezis"]
[Black "Vladimir Georgiev"]
[WhiteElo "2523"]
[BlackElo "2501"]
[PlyCount "95"]

1. c4 c5 2. Nc3 Nc6 3. g3 g6 4. Bg2 Bg7 5. a3 b6 6. d3 Bb7
7. h4 h6 8. h5 g5 9. f4 e6 10. e4 Nd4 11. Nf3 gxf4 12. gxf4
Ne7 13. Nxd4 cxd4 14. Ne2 Rg8 15. Rh2 f5 16. e5 Bxg2 17. Rxg2
Nc6 18. Kd2 d6 19. Qh1 Rc8 20. exd6 Na5 21. Rb1 Qxd6 22. b3 b5
23. Ke1 Nb7 24. Rg3 Nc5 25. Bd2 Kf7 26. Bb4 Bf6 27. Bxc5 Qxc5
28. Rxg8 Rxg8 29. Qb7+ Qe7 30. Qxe7+ Bxe7 31. cxb5 e5 32. fxe5
Ke6 33. Kf2 Kxe5 34. b4 Bg5 35. Kf3 Rc8 36. Rb2 Rc3 37. Nxc3
dxc3 38. Ra2 Kd4 39. a4 Kxd3 40. a5 Be3 41. b6 a6 42. Rg2 Bd4
43. b7 Be5 44. Rg8 c2 45. b8=Q c1=Q 46. Rd8+ Kc2 47. Qc8+ Bc3
48. Qxc3+ 1-0

[Event "Bled Olympiad"]
[Site "Bled SLO"]
[Date "2002.10.31"]
[EventDate "2002.10.26"]
[Round "6"]
[Result "1-0"]
[White "Nikola Mitkov"]
[Black "Roland Berzinsh"]
[WhiteElo "2529"]
[BlackElo "2472"]
[PlyCount "55"]

1. e4 e5 2. Nf3 Nf6 3. Nc3 Nc6 4. Bc4 Nxe4 5. Nxe4 d5 6. Bd3
dxe4 7. Bxe4 Bd6 8. O-O O-O 9. Re1 Bg4 10. c3 f5 11. Bxc6 bxc6
12. Qb3+ Kh8 13. Nxe5 Bxe5 14. Rxe5 Qd3 15. Qe6 Bh5 16. Re3
Qa6 17. Qd7 f4 18. Re5 f3 19. d4 fxg2 20. Be3 Qe2 21. Rg5 Rf7
22. Qxc6 Raf8 23. Qb5 Qc2 24. Rc1 Qe4 25. Rxh5 h6 26. Qe5 Qg4
27. Rxh6+ Kg8 28. Qh5 1-0

[Event "Bled Olympiad"]
[Site "Bled SLO"]
[Date "2002.10.31"]
[EventDate "2002.10.26"]
[Round "6"]
[Result "1/2-1/2"]
[White "Ilmars Starostits"]
[Black "Dejan Stojanovski"]
[WhiteElo "2398"]
[BlackElo "2431"]
[PlyCount "84"]

1. c4 e5 2. Nc3 d6 3. g3 g6 4. Bg2 Bg7 5. e4 Nc6 6. d3 Nge7
7. Nge2 O-O 8. O-O Nd4 9. Nxd4 exd4 10. Ne2 c5 11. Bd2 Nc6
12. Nf4 Rb8 13. a4 Ne5 14. b4 b6 15. Qb3 Bb7 16. b5 g5 17. Nd5
Bxd5 18. exd5 f5 19. Bxg5 Qxg5 20. f4 Qh6 21. fxe5 Bxe5
22. Rf3 f4 23. g4 Qg5 24. Qd1 h5 25. gxh5 Rb7 26. Kh1 Rg7
27. Bh3 Kh8 28. Qf1 Rh7 29. Ra2 Rg8 30. Rg2 Qxh5 31. Be6 Rg5
32. Rh3 Qg6 33. Rxh7+ Kxh7 34. Rxg5 Qxg5 35. Qh3+ Kg6 36. Bg8
Qh6 37. Bf7+ Kg5 38. Qe6 f3 39. Qxh6+ Kxh6 40. Kg1 Kg5 41. Kf2
Kg4 42. h3+ Kxh3 1/2-1/2

[Event "Bled Olympiad"]
[Site "Bled SLO"]
[Date "2002.10.31"]
[EventDate "2002.10.26"]
[Round "6"]
[Result "1-0"]
[White "Boris Avrukh"]
[Black "Nenad Sulava"]
[WhiteElo "2595"]
[BlackElo "2551"]
[PlyCount "79"]

1. d4 d5 2. c4 dxc4 3. e3 c5 4. Bxc4 cxd4 5. exd4 Qc7 6. Qd3
Nf6 7. Nc3 a6 8. Nf3 Nc6 9. Bb3 Bg4 10. Qc4 e6 11. Ne5 O-O-O
12. Nxc6 Qxc6 13. Qxc6+ bxc6 14. Be3 Nd5 15. O-O Bb4 16. Rac1
Kb7 17. a3 Nxc3 18. bxc3 Bxa3 19. Ra1 Bd6 20. Rfb1 Kc7 21. c4
Bf5 22. Rb2 Kd7 23. Ba4 Rb8 24. Rd2 Ke7 25. c5 Bc7 26. Bxc6 a5
27. Re2 Bd3 28. Ree1 Rhc8 29. d5 exd5 30. Bg5+ Kf8 31. Be7+
Kg8 32. Bd7 Rd8 33. c6 Bc2 34. Ra2 Bb3 35. Rae2 g6 36. Bxd8
Rxd8 37. Re8+ Rxe8 38. Rxe8+ Kg7 39. Rc8 Be5 40. c7 1-0

[Event "Bled Olympiad"]
[Site "Bled SLO"]
[Date "2002.10.31"]
[EventDate "2002.10.26"]
[Round "6"]
[Result "1/2-1/2"]
[White "Robert Zelcic"]
[Black "Lev Psakhis"]
[WhiteElo "2554"]
[BlackElo "2588"]
[PlyCount "33"]

1. e4 e6 2. d4 d5 3. Nc3 Bb4 4. e5 Ne7 5. a3 Bxc3+ 6. bxc3 c5
7. a4 Qa5 8. Bd2 Nbc6 9. Nf3 Bd7 10. Bb5 Qc7 11. O-O O-O
12. dxc5 Nxe5 13. Bf4 Nxf3+ 14. Qxf3 Qc8 15. Bd6 Re8 16. Bd3
Nf5 17. Bxf5 1/2-1/2

[Event "Bled Olympiad"]
[Site "Bled SLO"]
[Date "2002.10.31"]
[EventDate "2002.10.26"]
[Round "6"]
[Result "1-0"]
[White "Christian Bauer"]
[Black "Alexander Veingold"]
[WhiteElo "2562"]
[BlackElo "2476"]
[PlyCount "82"]

1. Nf3 Nf6 2. c4 e6 3. g3 d5 4. d4 dxc4 5. Bg2 c5 6. O-O Nc6
7. Ne5 Bd7 8. Na3 cxd4 9. Naxc4 Bc5 10. Bf4 Nxe5 11. Nxe5 Nd5
12. Rc1 Bb6 13. Bxd5 exd5 14. Nxd7 Qxd7 15. Be5 O-O 16. Bxd4
Rfe8 17. e3 Re6 18. Qg4 Bxd4 19. Qxd4 Rh6 20. Rc2 Qh3 21. f3
Rc6 22. Rd2 Qe6 23. Re1 g6 24. Ree2 Qh3 25. Rd1 Qe6 26. Kg2
Rd6 27. g4 a6 28. h4 Rc8 29. b3 h6 30. Qf4 Kg7 31. Kg3 Qf6
32. Qxf6+ Kxf6 33. e4 Re8 34. Red2 Re5 35. exd5 g5 36. Rd3 Re2
37. a4 Ke5 38. Rc1 b5 39. axb5 axb5 40. Rc7 Kf6 41. Rc6 Rxc6
1-0

[Event "Bled Olympiad"]
[Site "Bled SLO"]
[Date "2002.10.31"]
[EventDate "2002.10.26"]
[Round "6"]
[Result "1/2-1/2"]
[White "Mikhail Rytshagov"]
[Black "Andrei Sokolov"]
[WhiteElo "2503"]
[BlackElo "2587"]
[PlyCount "33"]

1. e4 c5 2. Nf3 e6 3. d4 cxd4 4. Nxd4 Nf6 5. Nc3 d6 6. g4 h6
7. h3 Nc6 8. Be3 a6 9. f4 Bd7 10. Qd2 b5 11. Bd3 Nxd4 12. Bxd4
Bc6 13. a3 Be7 14. O-O-O Qb8 15. g5 hxg5 16. fxg5 Nd7 17. g6
1/2-1/2

[Event "Bled Olympiad"]
[Site "Bled SLO"]
[Date "2002.10.31"]
[EventDate "2002.10.26"]
[Round "6"]
[Result "1/2-1/2"]
[White "Douglas Marshall Bryson"]
[Black "Jordi Magem Badals"]
[WhiteElo "2388"]
[BlackElo "2506"]
[PlyCount "79"]

1. e4 c5 2. Nf3 Nc6 3. d4 cxd4 4. Nxd4 Qc7 5. Nc3 e6 6. f4
Nxd4 7. Qxd4 a6 8. Be2 b5 9. Be3 Bb7 10. Bf3 Rc8 11. O-O h5
12. Rad1 Nf6 13. h3 h4 14. Rf2 Bc5 15. Qxc5 Qxc5 16. Bxc5 Rxc5
17. Rd6 Nh5 18. Rfd2 Bc8 19. Ne2 Ke7 20. R6d3 g6 21. Kf2 Rd8
22. e5 f6 23. Bxh5 gxh5 24. exf6+ Kxf6 25. Nd4 Bb7 26. Nf3
Bxf3 27. Kxf3 d5 28. Re3 Rg8 29. Re5 Rg3+ 30. Kf2 Rc4 31. Rde2
Rxf4+ 32. Kg1 Kg6 33. Rxe6+ Rf6 34. R2e5 Rg5 35. Re8 Rxe5
36. Rxe5 Rf5 37. Re6+ Rf6 38. Re5 Rf5 39. Re6+ Rf6 40. Re5
1/2-1/2

[Event "Bled Olympiad"]
[Site "Bled SLO"]
[Date "2002.10.31"]
[EventDate "2002.10.26"]
[Round "6"]
[Result "1-0"]
[White "Alfonso Romero Holmes"]
[Black "Colin A McNab"]
[WhiteElo "2524"]
[BlackElo "2406"]
[PlyCount "179"]

1. e4 g6 2. Nc3 d6 3. Bc4 Bg7 4. f4 Nc6 5. Nf3 e6 6. a3 Nge7
7. Ba2 Rb8 8. d4 b5 9. O-O O-O 10. Be3 a5 11. Ne2 a4 12. Qd2
Qe8 13. Ng3 d5 14. f5 dxe4 15. f6 Bxf6 16. Nxe4 Bg7 17. Bh6 f6
18. Rae1 Bxh6 19. Qxh6 Nf5 20. Qf4 Qd8 21. c3 Kg7 22. Nc5 e5
23. dxe5 fxe5 24. Nxe5 Qd6 25. Ned3 Nd8 26. g4 Nh6 27. Qxf8+
Qxf8 28. Rxf8 Kxf8 29. Ne5 Kg7 30. Ned7 Bxd7 31. Nxd7 Rc8
32. Re7+ Nhf7 33. g5 c5 34. Bxf7 Nxf7 35. Ne5 Rf8 36. h4 Kg8
37. Nd7 Rc8 38. Nf6+ Kg7 39. Ng4 Kf8 40. Rb7 Re8 41. Kf2 Nd6
42. Rxh7 Nc4 43. Nh6 Re5 44. Rf7+ Ke8 45. Rf6 Nxb2 46. Rxg6
Nd1+ 47. Kf3 Nxc3 48. Rb6 b4 49. g6 Kf8 50. Rb7 Re7 51. Rxe7
Kxe7 52. g7 b3 53. g8=Q b2 54. Nf5+ Kf6 55. Qg5+ Ke6 56. Qg6+
Ke5 57. Ne3 b1=Q 58. Qg7+ Kd6 59. Qxc3 Qh1+ 60. Kg3 Qg1+
61. Ng2 Qf1 62. h5 Qf5 63. Nf4 Qg5+ 64. Kf3 Qh4 65. Qd3+ Kc6
66. Qa6+ Kd7 67. Qxa4+ Kc8 68. Qc6+ Kb8 69. Qd6+ Kb7 70. Qd7+
Kb8 71. Qh3 Qe1 72. h6 Qd1+ 73. Kg3 Qe1+ 74. Kg4 Qd1+ 75. Kf5
Qd7+ 76. Ne6 Qh7+ 77. Kf6 c4 78. Qg3+ Ka8 79. Qg7 Qd3 80. Qf8+
Ka7 81. Qe7+ Kb6 82. Qc5+ Ka6 83. Qc6+ Ka5 84. Qc5+ Ka6
85. Qc6+ Ka5 86. Nc7 Qd4+ 87. Ke7 Qh4+ 88. Kd7 Qg4+ 89. Qe6
Qd4+ 90. Qd5+ 1-0